| Поле | Инд. | ПП | Название | Значение |
|---|---|---|---|---|
| Тип записи | a | |||
| Библиографический уровень | a | |||
| 001 | Контрольный номер | a48a07f7cd9049d4b0fb7131738e265f | ||
| 005 | Дата корректировки | 20181124200622.3 | ||
| 100 | a | Данные общей обработки | 20181107 ||| 0rusy0189 ca | |
| 101 | 0_ | a | Язык текста | rus |
| 102 | a | Страна публикации | RU | |
| 200 | 1_ | f | Первые сведения об ответственности | Л.А. Татаров |
| a | Заглавие | О месте органов внутренних дел в системе правоохранительных органов Российской Федерации | ||
| b | Общее обозначение материала | Текст | ||
| 210 | d | Дата издания | 2017 | |
| 461 | _0 | 1 | 2000 | |
| a | Закон и право | |||
| 463 | _0 | 1 | 2000 | |
| a | №4 | |||
| v | С. 69-71 | |||
| 1 | 2101 | |||
| d | 2017 | |||
| 1 | 0016dd2a8c3278043c9b8ac4222e0b5366f | |||
| 606 | a | Основная рубрика | Правоохранительные и судебные органы | |
| 610 | 0_ | a | Ключевые слова | ОРГАНЫ ВНУТРЕННИХ ДЕЛ |
| a | Ключевые слова | ПРАВООХРАНИТЕЛЬНАЯ СИСТЕМА | ||
| 700 | _1 | a | Фамилия | Татаров |
| b | Имя | Л.А. | ||
| 801 | _0 | a | Страна | RU |
| b | Организация | РГУП | ||
| c | Дата составления | 20181107 | ||
| g | Правила каталогизации | PSBO | ||
| 801 | _1 | a | Страна | RU |
| b | Организация | РГУП | ||
| c | Дата составления | 20181107 | ||
| g | Правила каталогизации | PSBO | ||
| 901 | t | Тип документа | b | |
| w | Контрольный № источника | 6dd2a8c3278043c9b8ac4222e0b5366f | ||
| 905 | a | Дата ввода | 20181107 |